LEADER 01005nam a2200241 i 4500 001 000000118443 003 CaOOAMICUS 005 20030929000000.0 008 030929s1993 it u000 u ita u 013 $a91136 040 $aSeMil$bita 100 1 $aPesenti, Graziano G.$0(OLS)http://semarc/name/20857 245 14$aUna vita per la «Parola» :$bmons. Gioacchino Scattolon 1901-1986 /$cGraziano G. Pesenti. 260 $aTreviso :$b[s.n.],$c1993. 300 $a205 p., [5] c. di tav. ;$c21 cm. 500 $aFondo Card. C.M. Martini. 650 4$aScattolon, Gioacchino - Biografie.$0(OLS)http://semarc/subject/22098 850 $aSeMil 852 $aSeMil$W1$xVenegono$y1$m3J II 89$j73747$B73747$CSeMilBibl$Z2$F103953 $81 941 1 $a4 961 $aOmaggio: Martini Card. Carlo Maria 996 $6245$aUna vita per la «Parola» :$bmons. Gioacchino Scattolon 1901-1986$9(OLS)http://semarc/title/173994 996 $6260$aTreviso :$b[s.n.]$9(OLS)http://semarc/publisher/30916 LEADER 00946nam a2200241 i 4500 001 000000126943 003 CaOOAMICUS 005 20190506101257.0 008 040528s1966 it u000 u ita u 013 $a99651 040 $aSeMil$bita 100 1 $aBorgese, Giuseppe Antonio,$d<1882-1952>.$0(OLS)http://semarc/name/8135 245 13$aLa tragedia di Mayerling /$cG. A. Borgese. 260 $aMilano :$bArnoldo Mondadori,$c1966. 300 $a245 p. ;$c19 cm. 490 0 $aI record [Mondadori] ;$v9 650 4$aAsburgo - Storia.$0(OLS)http://semarc/subject/44613 830 2$aI record ;$v9.$0(OLS)http://semarc/title/6854 850 $aSeMil 852 $aSeMil$W1$xVenegono$y1$m1V VI 300$j212490$B225675$CSeMilBibl$Z2$F225675 $81 996 $6245$aLa tragedia di Mayerling$9(OLS)http://semarc/title/187268 996 $6260$aMilano :$bArnoldo Mondadori$9(OLS)http://semarc/publisher/46554